|
|
|
|
| LEADER |
00000nam0a2200000 4500 |
| 001 |
308469 |
| 005 |
20231102002109.0 |
| 035 |
|
|
|a (RuTPU)RU\TPU\book\333789
|
| 090 |
|
|
|a 308469
|
| 100 |
|
|
|a 20151102d1981 km y0rusy50 ca
|
| 101 |
0 |
|
|a rus
|
| 102 |
|
|
|a RU
|
| 105 |
|
|
|a a z 101zy
|
| 200 |
1 |
|
|a Устойчивость движения. Аналитическая механика. Управление движением
|f Академия наук СССР (АН СССР), Сибирское отделение (СО), Сибирский энергетический институт им. Л. А. Мелентьева (СИЭ) ; под ред. В. М. Матросова
|
| 210 |
|
|
|a Москва
|c Наука
|d 1981
|
| 215 |
|
|
|a 301 с.
|c ил.
|
| 320 |
|
|
|a Библиогр. в конце ст.
|
| 606 |
1 |
|
|a Динамика
|2 stltpush
|3 (RuTPU)RU\TPU\subj\69927
|9 84564
|
| 610 |
1 |
|
|a движение
|
| 610 |
1 |
|
|a устойчивость
|
| 610 |
1 |
|
|a аналитическая механика
|
| 610 |
1 |
|
|a управление
|
| 610 |
1 |
|
|a метод усреднения
|
| 610 |
1 |
|
|a абсолютная устойчивость
|
| 610 |
1 |
|
|a стационарные вращения
|
| 610 |
1 |
|
|a оптимальное управление
|
| 610 |
1 |
|
|a спутники
|
| 610 |
1 |
|
|a стабилизация вращением
|
| 610 |
1 |
|
|a орбитальные системы
|
| 610 |
1 |
|
|a конференции
|
| 610 |
1 |
|
|a Иркутск
|
| 675 |
|
|
|a 531.3(063)
|v 4
|
| 702 |
|
1 |
|a Матросов
|b В. М.
|4 340
|
| 712 |
0 |
2 |
|a Академия наук СССР (АН СССР)
|b Сибирское отделение (СО)
|b Сибирский энергетический институт им. Л. А. Мелентьева (СИЭ)
|c (Иркутск)
|c (1960-1991)
|2 stltpush
|3 (RuTPU)RU\TPU\col\11908
|
| 712 |
0 |
2 |
|a Всесоюзная Четаевская конференция по устойчивости движения, аналитической механике и управлению движением
|d 3
|e Иркутск
|f 1977
|4 570
|
| 801 |
|
1 |
|a RU
|b 63413507
|c 20151102
|
| 801 |
|
2 |
|a RU
|b 63413507
|c 20191023
|g RCR
|
| 942 |
|
|
|c BK
|